000 00324 a2200121 4500
005 20250629163317.0
020 _a9789976990928
111 _aTANGANYIKA LAW SOCIETY
245 _aDIRECTORY OF MEMBERS, LAW FIRMS AND OTHER STAKEHOLDERS
260 _aDodoma.
_bNexLaw Advocates
_c2016
300 _a263p.
_c28cm.
942 _2ddc
_cBKS
999 _c6438
_d6438